| 000 | 00564nam a2200181 4500 | ||
|---|---|---|---|
| 001 | 109541 | ||
| 003 | ES-MaACL | ||
| 005 | 20230906184848.0 | ||
| 007 | t| | ||
| 008 | 061121s1968 sp r ||||1| spa d | ||
| 100 | 1 |
_aMulligan, Hugh A. _984156 |
|
| 245 | 1 | 0 |
_aNo hay tiempo para morir _b: La agonía el Vietnam / _cHugh A. Mulligan; versión de Jesús de la Torre. |
| 250 | _a1ª. ed. | ||
| 260 |
_aBarcelona : _bAnra, _c1968. |
||
| 300 |
_a304 p., 12 lám : _bil. ; _c21 cm. |
||
| 700 | 1 |
_aTorre, Jesús de la. _9110742 |
|
| 852 |
_aES-MaACL _jF-6262 _bR.66269 |
||
| 999 |
_c109541 _d109541 |
||